000 00747nam a22002537a 4500
999 _c322301
_d322301
001 35993
003 UA-OsUOA
005 20200312115055.0
007 ta
008 20060110b un ||||| |||| 00| 0 ukr d
020 _a9666080729
040 _aUA-OsUOA
_bukr
_cUA-OsUOA
_dUA-OsUOA
041 _aukr
080 _a339.74(075.8)
090 _a339.74(075.8)
_bЗ-81
100 _aЗолотов А.Ф.
245 _aМеждународные валютно-кредитные отношения
_bкурс лекций
260 _aК.
_bМАУП
_c2001
300 _a112 с.
650 7 _a339.7 Міжнародні фінанси
_2UDC
942 _cBK
_2udc
955 _a2